000 00745nam a2200241 a 4500
001 63421
003 BD-RjUL
005 20211209081209.0
008 170130r1969 nyu 000 0 eng
035 _a(BD-RjUL)63550
040 _aDLC
_cDLC
_dBD-RjUL
_beng
041 _aeng
082 _223
_a821.8
_bJOU 1969
090 _aPR6019.O98
_bU4 1975, Suppl.
099 _aPR6019.O98.U4 1975 Suppl.
100 1 _aJoyce, James,
_d1882-1941.
_9187223
245 1 0 _aUlysses with Ulysses :
_ba short history /
_cJames Joyce and Richard Ellmann
260 _aHarmondsworth :
_bPenguin Books,
_c1969.
300 _a430 p. ;
_c19 cm.
600 1 0 _aJoyce, James,
_d1882-1941
_xManuscripts.
_9188689
700 1 _aEllmann, Richard
_9188687
942 _2ddc
_cBK
999 _c63421
_d63421